00399nam a2200145Ia 4500003000400000005001700004008004100021040001800062041000800080100004700088110001900135245003500154260002000189710004400209OSt20260303155408.0211028s2005 xx 000 0 und d cAIMIT LIBRARY aeng aNelson, Nicky Nimma;Rao, Rohini R.g299759 aRao, Rohini R. aIdentification creation tool / aBangalorec2005 aTransworks Information Services Limited